[Event "56th Hull Congress"]
[Site "Hull"]
[Date "2019.11.02"]
[Round "2"]
[Board "1"]
[White "Gormally, Daniel W"]
[Black "Merriman, John"]
[Result "1-0"]
[WhiteElo "2491"]
[BlackElo "2201"]
[PlyCount "0"]
[EventDate "2019.11.01"]
[EventRounds "5"]
[EventCountry "ENG"]

1. d4 {[%clk 01:30:56]} {[%emt 00:00:04]} e6 {[%clk 01:30:54]} {[%emt
00:00:06]} 2. Nf3 {[%clk 01:31:14]} {[%emt 00:00:11]} Nf6 {[%clk 01:31:20]}
{[%emt 00:00:06]} 3. c4 {[%clk 01:31:39]} {[%emt 00:00:03]} d5 {[%clk
01:31:43]} {[%emt 00:00:08]} 4. g3 {[%clk 01:31:46]} {[%emt 00:00:23]} Bb4+
{[%clk 01:32:07]} {[%emt 00:00:06]} 5. Nbd2 {[%clk 01:30:28]} {[%emt 00:01:48]}
O-O {[%clk 01:28:47]} {[%emt 00:03:51]} 6. Qc2 {[%clk 01:27:52]} {[%emt
00:03:06]} b6 {[%clk 01:21:41]} {[%emt 00:07:36]} 7. Bg2 {[%clk 01:26:42]}
{[%emt 00:01:38]} Bb7 {[%clk 01:10:45]} {[%emt 00:11:27]} 8. O-O {[%clk
01:26:13]} {[%emt 00:00:58]} Nbd7 {[%clk 01:08:50]} {[%emt 00:02:26]} 9. cxd5
{[%clk 01:18:28]} {[%emt 00:08:16]} exd5 {[%clk 01:07:00]} {[%emt 00:02:19]} 10.
Ne5 {[%clk 01:15:58]} {[%emt 00:03:01]} Bxd2 {[%clk 01:00:53]} {[%emt
00:06:36]} 11. Bxd2 {[%clk 01:15:28]} {[%emt 00:01:00]} Nxe5 {[%clk 01:00:55]}
{[%emt 00:00:28]} 12. dxe5 {[%clk 01:15:52]} {[%emt 00:00:06]} Ne4 {[%clk
01:01:05]} {[%emt 00:00:21]} 13. Bf4 {[%clk 01:08:25]} {[%emt 00:07:57]} Qe7
{[%clk 00:59:09]} {[%emt 00:02:25]} 14. Rad1 {[%clk 01:05:35]} {[%emt
00:03:20]} g5 {[%clk 00:47:26]} {[%emt 00:12:13]} 15. Bc1 {[%clk 01:00:05]}
{[%emt 00:06:01]} Qxe5 {[%clk 00:47:24]} {[%emt 00:00:32]} 16. f3 {[%clk
00:56:18]} {[%emt 00:04:16]} Nc5 {[%clk 00:36:20]} {[%emt 00:11:34]} 17. b4
{[%clk 00:51:17]} {[%emt 00:05:31]} Ne6 {[%clk 00:22:21]} {[%emt 00:14:30]} 18.
f4 {[%clk 00:51:27]} {[%emt 00:00:19]} gxf4 {[%clk 00:21:00]} {[%emt 00:01:51]}
19. gxf4 {[%clk 00:51:49]} {[%emt 00:00:07]} Qd6 {[%clk 00:17:14]} {[%emt
00:04:17]} 20. f5 {[%clk 00:45:18]} {[%emt 00:07:02]} Ng7 {[%clk 00:17:37]}
{[%emt 00:00:05]} 21. e4 {[%clk 00:37:09]} {[%emt 00:08:40]} f6 {[%clk
00:14:20]} {[%emt 00:03:48]} 22. exd5 {[%clk 00:34:46]} {[%emt 00:02:52]} Qxb4
{[%clk 00:14:01]} {[%emt 00:00:48]} 23. d6 {[%clk 00:31:52]} {[%emt 00:03:25]}
Bxg2 {[%clk 00:11:32]} {[%emt 00:02:59]} 24. Qxg2 {[%clk 00:32:17]} {[%emt
00:00:05]} Kh8 {[%clk 00:10:30]} {[%emt 00:01:32]} 25. Kh1 {[%clk 00:28:53]}
{[%emt 00:03:53]} Rac8 {[%clk 00:06:03]} {[%emt 00:04:58]} 26. Rg1 {[%clk
00:23:54]} {[%emt 00:05:28]} Nxf5 {[%clk 00:03:23]} {[%emt 00:03:10]} 27. Bh6
{[%clk 00:18:43]} {[%emt 00:05:41]} Rf7 {[%clk 00:01:19]} {[%emt 00:02:35]} 28.
d7 {[%clk 00:18:51]} {[%emt 00:00:22]} Rd8 {[%clk 00:01:45]} {[%emt 00:00:04]}
29. Qg8+ {[%clk 00:19:11]} {[%emt 00:00:09]} Rxg8 {[%clk 00:02:11]} 30. Rxg8+
{[%clk 00:19:37]} {[%emt 00:00:09]} Kxg8 {[%clk 00:02:29]} {[%emt 00:00:12]} 31.
d8=Q+ {[%clk 00:20:02]} {[%emt 00:00:06]} Rf8 {[%clk 00:02:52]} {[%emt
00:00:06]} 32. Qd5+ {[%clk 00:18:17]} {[%emt 00:02:36]}  1-0

[Event "56th Hull Congress"]
[Site "Hull"]
[Date "2019.11.02"]
[Round "2"]
[Board "2"]
[White "Han, Yichen"]
[Black "Hebden, Mark L"]
[Result "1/2-1/2"]
[WhiteElo "2191"]
[BlackElo "2427"]
[PlyCount "0"]
[EventDate "2019.11.01"]
[EventRounds "5"]
[EventCountry "ENG"]

1. d4 {[%clk 01:30:56]} {[%emt 00:00:03]} Nf6 {[%clk 01:30:43]} {[%emt
00:00:17]} 2. Nf3 {[%clk 01:31:18]} {[%emt 00:00:08]} g6 {[%clk 01:30:46]}
{[%emt 00:00:27]} 3. Nbd2 {[%clk 01:31:35]} {[%emt 00:00:13]} Bg7 {[%clk
01:30:16]} {[%emt 00:01:01]} 4. e4 {[%clk 01:31:56]} {[%emt 00:00:09]} d6
{[%clk 01:30:33]} {[%emt 00:00:12]} 5. Bb5+ {[%clk 01:31:57]} {[%emt 00:00:30]}
c6 {[%clk 01:27:09]} {[%emt 00:03:53]} 6. Bd3 {[%clk 01:32:17]} {[%emt
00:00:10]} O-O {[%clk 01:27:23]} {[%emt 00:00:17]} 7. O-O {[%clk 01:32:17]}
{[%emt 00:00:30]} c5 {[%clk 01:26:23]} {[%emt 00:01:29]} 8. c3 {[%clk
01:26:00]} {[%emt 00:06:48]} cxd4 {[%clk 01:26:38]} {[%emt 00:00:15]} 9. cxd4
{[%clk 01:26:18]} {[%emt 00:00:11]} Nc6 {[%clk 01:26:54]} {[%emt 00:00:15]} 10.
Re1 {[%clk 01:19:39]} {[%emt 00:07:08]} Nd7 {[%clk 01:26:17]} {[%emt 00:01:07]}
11. Nb3 {[%clk 01:18:10]} {[%emt 00:01:59]} a5 {[%clk 01:26:16]} {[%emt
00:00:31]} 12. Be3 {[%clk 01:15:22]} {[%emt 00:03:18]} a4 {[%clk 01:15:54]}
{[%emt 00:10:53]} 13. Nbd2 {[%clk 01:15:12]} {[%emt 00:00:39]} e5 {[%clk
01:14:44]} {[%emt 00:01:40]} 14. dxe5 {[%clk 01:09:35]} {[%emt 00:06:07]} Ndxe5
{[%clk 01:14:36]} {[%emt 00:00:37]} 15. Nxe5 {[%clk 01:07:28]} {[%emt
00:02:39]} Nxe5 {[%clk 01:14:24]} {[%emt 00:00:42]} 16. Be2 {[%clk 01:05:56]}
{[%emt 00:02:00]} d5 {[%clk 01:12:52]} {[%emt 00:02:03]} 17. exd5 {[%clk
00:55:54]} {[%emt 00:10:32]} Qxd5 {[%clk 01:13:06]} {[%emt 00:00:16]} 18. Nc4
{[%clk 00:55:15]} {[%emt 00:01:10]} Qxd1 {[%clk 01:12:09]} {[%emt 00:01:27]} 19.
Raxd1 {[%clk 00:54:59]} Nxc4 {[%clk 01:04:35]} {[%emt 00:08:49]} 20. Bxc4
{[%clk 00:55:14]} {[%emt 00:00:15]} Bxb2 {[%clk 01:04:21]} {[%emt 00:00:45]} 21.
Bc5 {[%clk 00:53:33]} {[%emt 00:02:10]} Bg4 {[%clk 01:04:00]} {[%emt 00:00:51]}
22. Bxf8 {[%clk 00:50:00]} {[%emt 00:04:04]} Bxd1 {[%clk 01:04:02]} {[%emt
00:00:28]} 23. Rxd1 {[%clk 00:36:47]} {[%emt 00:13:42]} Kxf8 {[%clk 00:58:36]}
{[%emt 00:05:56]} 24. Rd7 {[%clk 00:36:05]} {[%emt 00:01:12]} Rc8 {[%clk
00:58:50]} {[%emt 00:00:16]} 25. Rxf7+ {[%clk 00:35:58]} {[%emt 00:00:36]} Ke8
{[%clk 00:58:42]} {[%emt 00:00:38]} 26. Rf4 {[%clk 00:36:18]} {[%emt 00:00:11]}
Rc5 {[%clk 00:55:02]} {[%emt 00:04:09]} 27. Kf1 {[%clk 00:32:53]} {[%emt
00:03:56]} b5 {[%clk 00:53:52]} {[%emt 00:01:39]} 28. Bd3 {[%clk 00:32:17]}
{[%emt 00:01:05]} Bc3 {[%clk 00:50:18]} {[%emt 00:04:07]} 29. Rh4 {[%clk
00:26:51]} {[%emt 00:05:55]} b4 {[%clk 00:40:19]} {[%emt 00:10:30]} 30. Rxh7
{[%clk 00:21:12]} {[%emt 00:06:08]} Re5 {[%clk 00:36:05]} {[%emt 00:04:43]} 31.
g3 {[%clk 00:18:37]} {[%emt 00:03:04]} b3 {[%clk 00:30:18]} {[%emt 00:06:18]}
32. axb3 {[%clk 00:15:57]} {[%emt 00:03:11]} a3 {[%clk 00:30:37]} {[%emt
00:00:11]} 33. Ra7 {[%clk 00:15:39]} {[%emt 00:00:48]} Ba5 {[%clk 00:29:28]}
{[%emt 00:01:39]} 34. Bb1 {[%clk 00:12:37]} {[%emt 00:03:31]} g5 {[%clk
00:27:45]} {[%emt 00:02:14]} 35. Ba2 {[%clk 00:10:41]} {[%emt 00:02:24]} Kd8
{[%clk 00:24:39]} {[%emt 00:03:37]} 36. b4 {[%clk 00:10:09]} {[%emt 00:01:03]}
Bxb4 {[%clk 00:24:58]} {[%emt 00:00:09]} 37. Ra4 {[%clk 00:10:20]} {[%emt
00:00:20]} Re4 {[%clk 00:21:47]} {[%emt 00:03:42]} 38. Kg2 {[%clk 00:09:11]}
{[%emt 00:01:39]} Rd4 {[%clk 00:19:53]} {[%emt 00:02:24]} 39. Kf3 {[%clk
00:07:29]} {[%emt 00:02:11]} Rd3+ {[%clk 00:17:43]} {[%emt 00:02:41]} 40. Ke4
{[%clk 00:06:48]} {[%emt 00:01:06]} Rd2 {[%clk 00:18:05]} {[%emt 00:00:13]} 41.
Rxb4 {[%clk 00:07:01]} {[%emt 00:00:18]} Rxa2 {[%clk 00:18:29]} {[%emt
00:00:05]} 42. Ra4 {[%clk 00:06:33]} {[%emt 00:00:55]} Rxf2 {[%clk 00:16:48]}
{[%emt 00:02:13]}  1/2-1/2

[Event "56th Hull Congress"]
[Site "Hull"]
[Date "2019.11.02"]
[Round "2"]
[Board "3"]
[White "Sowray, Peter J"]
[Black "Britton, Richard"]
[Result "1-0"]
[WhiteElo "2361"]
[BlackElo "2160"]
[PlyCount "0"]
[EventDate "2019.11.01"]
[EventRounds "5"]
[EventCountry "ENG"]

1. d4 {[%clk 01:30:56]} {[%emt 00:00:03]} Nf6 {[%clk 01:30:55]} {[%emt
00:00:06]} 2. c4 {[%clk 01:31:20]} {[%emt 00:00:06]} g6 {[%clk 01:31:21]}
{[%emt 00:00:05]} 3. Nc3 {[%clk 01:31:46]} {[%emt 00:00:04]} Bg7 {[%clk
01:31:47]} {[%emt 00:00:03]} 4. e4 {[%clk 01:32:09]} {[%emt 00:00:06]} d6
{[%clk 01:32:15]} {[%emt 00:00:03]} 5. f3 {[%clk 01:32:34]} {[%emt 00:00:06]}
O-O {[%clk 01:32:38]} {[%emt 00:00:07]} 6. Be3 {[%clk 01:33:01]} {[%emt
00:00:02]} c5 {[%clk 01:30:42]} {[%emt 00:02:27]} 7. Nge2 {[%clk 01:33:08]}
{[%emt 00:00:23]} Nc6 {[%clk 01:30:48]} {[%emt 00:00:24]} 8. d5 {[%clk
01:33:27]} {[%emt 00:00:11]} Ne5 {[%clk 01:31:14]} {[%emt 00:00:04]} 9. Ng3
{[%clk 01:33:44]} {[%emt 00:00:12]} e6 {[%clk 01:29:37]} {[%emt 00:02:07]} 10.
Be2 {[%clk 01:33:16]} {[%emt 00:00:58]} exd5 {[%clk 01:30:01]} {[%emt
00:00:06]} 11. cxd5 {[%clk 01:33:40]} {[%emt 00:00:06]} a6 {[%clk 01:27:06]}
{[%emt 00:03:26]} 12. a4 {[%clk 01:34:02]} {[%emt 00:00:07]} h5 {[%clk
01:22:49]} {[%emt 00:04:47]} 13. O-O {[%clk 01:34:03]} {[%emt 00:00:29]} Nh7
{[%clk 01:19:21]} {[%emt 00:03:58]} 14. Qd2 {[%clk 01:33:47]} {[%emt 00:00:46]}
h4 {[%clk 01:06:18]} {[%emt 00:13:34]} 15. Nh1 {[%clk 01:34:08]} {[%emt
00:00:08]} f5 {[%clk 01:06:42]} {[%emt 00:00:07]} 16. Nf2 {[%clk 01:33:44]}
{[%emt 00:00:53]} Qe7 {[%clk 00:55:43]} {[%emt 00:11:29]} 17. exf5 {[%clk
01:17:45]} {[%emt 00:16:28]} gxf5 {[%clk 00:54:40]} {[%emt 00:01:34]} 18. Rae1
{[%clk 01:13:43]} {[%emt 00:04:31]} Bd7 {[%clk 00:49:10]} {[%emt 00:06:00]} 19.
f4 {[%clk 01:08:56]} {[%emt 00:05:17]} Nf7 {[%clk 00:46:58]} {[%emt 00:02:43]}
20. Kh1 {[%clk 01:01:14]} {[%emt 00:08:11]} Rae8 {[%clk 00:40:24]} {[%emt
00:07:04]} 21. Bd3 {[%clk 01:00:10]} {[%emt 00:01:34]} Qf6 {[%clk 00:40:43]}
{[%emt 00:00:13]} 22. Rg1 {[%clk 00:59:40]} {[%emt 00:00:59]} Kh8 {[%clk
00:40:56]} {[%emt 00:00:17]} 23. g4 {[%clk 00:53:44]} {[%emt 00:06:25]} hxg3
{[%clk 00:37:39]} {[%emt 00:03:48]} 24. Rxg3 {[%clk 00:53:57]} {[%emt
00:00:17]} Rg8 {[%clk 00:36:42]} {[%emt 00:01:27]} 25. Reg1 {[%clk 00:51:31]}
{[%emt 00:02:56]} Bh6 {[%clk 00:37:06]} {[%emt 00:00:06]} 26. b4 {[%clk
00:50:38]} {[%emt 00:01:22]} Rxg3 {[%clk 00:31:57]} {[%emt 00:05:39]} 27. Rxg3
{[%clk 00:50:55]} {[%emt 00:00:13]} Bg7 {[%clk 00:16:45]} {[%emt 00:15:42]} 28.
Ne2 {[%clk 00:49:24]} {[%emt 00:02:01]} Rc8 {[%clk 00:16:39]} {[%emt 00:00:37]}
29. a5 {[%clk 00:40:29]} {[%emt 00:09:25]} Qb2 {[%clk 00:15:03]} {[%emt
00:02:06]} 30. Qe1 {[%clk 00:34:55]} {[%emt 00:06:03]} Qxb4 {[%clk 00:13:16]}
{[%emt 00:02:18]} 31. Bd2 {[%clk 00:34:33]} {[%emt 00:00:52]} Qb2 {[%clk
00:12:07]} {[%emt 00:01:38]} 32. Rxg7 {[%clk 00:31:28]} {[%emt 00:03:35]} Qxg7
{[%clk 00:12:29]} {[%emt 00:00:08]} 33. Bc3 {[%clk 00:31:54]} {[%emt 00:00:04]}
Nf6 {[%clk 00:12:16]} {[%emt 00:00:44]} 34. Qa1 {[%clk 00:32:00]} {[%emt
00:00:24]} Ne5 {[%clk 00:12:35]} {[%emt 00:00:10]} 35. fxe5 {[%clk 00:31:54]}
{[%emt 00:00:36]} Nxd5 {[%clk 00:13:02]} {[%emt 00:00:04]} 36. e6 {[%clk
00:31:01]} {[%emt 00:01:22]} Nxc3 {[%clk 00:10:38]} {[%emt 00:02:55]} 37. exd7
{[%clk 00:31:17]} {[%emt 00:00:14]} Qxd7 {[%clk 00:10:41]} {[%emt 00:00:27]} 38.
Qxc3+ {[%clk 00:29:46]} {[%emt 00:02:00]} Kh7 {[%clk 00:11:03]} {[%emt
00:00:08]} 39. Qf6 {[%clk 00:26:50]} {[%emt 00:03:26]} Qc6+ {[%clk 00:06:22]}
{[%emt 00:05:12]} 40. Kg1 {[%clk 00:27:06]} {[%emt 00:00:14]} Rg8+ {[%clk
00:03:25]} {[%emt 00:03:26]} 41. Ng3 {[%clk 00:27:28]} {[%emt 00:00:08]}  1-0

[Event "56th Hull Congress"]
[Site "Hull"]
[Date "2019.11.02"]
[Round "2"]
[Board "4"]
[White "Moreby, James E"]
[Black "Willow, Jonah B"]
[Result "1/2-1/2"]
[WhiteElo "2121"]
[BlackElo "2352"]
[PlyCount "0"]
[EventDate "2019.11.01"]
[EventRounds "5"]
[EventCountry "ENG"]

1. c4 {[%clk 01:30:56]} {[%emt 00:00:03]} c5 {[%clk 01:30:49]} {[%emt
00:00:12]} 2. Nf3 {[%clk 01:31:22]} {[%emt 00:00:04]} Nc6 {[%clk 01:31:13]}
{[%emt 00:00:06]} 3. d4 {[%clk 01:31:44]} {[%emt 00:00:07]} cxd4 {[%clk
01:31:38]} {[%emt 00:00:06]} 4. Nxd4 {[%clk 01:32:10]} {[%emt 00:00:03]} Nf6
{[%clk 01:31:19]} {[%emt 00:00:49]} 5. Nc3 {[%clk 01:32:34]} {[%emt 00:00:07]}
e6 {[%clk 01:30:07]} {[%emt 00:01:42]} 6. a3 {[%clk 01:33:01]} {[%emt
00:00:02]} Bc5 {[%clk 01:30:25]} {[%emt 00:00:12]} 7. Nb3 {[%clk 01:33:27]}
{[%emt 00:00:04]} Bb6 {[%clk 01:30:52]} {[%emt 00:00:03]} 8. c5 {[%clk
01:33:53]} {[%emt 00:00:05]} Bc7 {[%clk 01:31:20]} {[%emt 00:00:02]} 9. Bg5
{[%clk 01:34:16]} {[%emt 00:00:06]} h6 {[%clk 01:25:31]} {[%emt 00:06:19]} 10.
Bh4 {[%clk 01:34:43]} {[%emt 00:00:03]} O-O {[%clk 01:25:01]} {[%emt 00:01:00]}
11. e3 {[%clk 01:34:33]} {[%emt 00:00:41]} b6 {[%clk 01:24:24]} {[%emt
00:01:07]} 12. Rc1 {[%clk 01:34:58]} {[%emt 00:00:04]} Rb8 {[%clk 01:16:58]}
{[%emt 00:07:56]} 13. Qc2 {[%clk 01:28:57]} {[%emt 00:06:31]} bxc5 {[%clk
01:00:16]} {[%emt 00:17:13]} 14. Nxc5 {[%clk 01:29:04]} {[%emt 00:00:22]} Bd6
{[%clk 00:56:24]} {[%emt 00:04:22]} 15. Bxf6 {[%clk 01:23:50]} {[%emt
00:05:44]} gxf6 {[%clk 00:53:56]} {[%emt 00:02:59]} 16. N5e4 {[%clk 01:20:47]}
{[%emt 00:03:32]} Be7 {[%clk 00:53:38]} {[%emt 00:00:47]} 17. Be2 {[%clk
01:15:23]} {[%emt 00:05:54]} d5 {[%clk 00:48:18]} {[%emt 00:05:51]} 18. Ng3
{[%clk 01:14:57]} {[%emt 00:00:56]} Ne5 {[%clk 00:48:34]} {[%emt 00:00:15]} 19.
O-O {[%clk 01:14:30]} {[%emt 00:00:56]} Bd7 {[%clk 00:33:05]} {[%emt 00:15:59]}
20. e4 {[%clk 01:04:37]} {[%emt 00:10:22]} dxe4 {[%clk 00:25:16]} {[%emt
00:08:20]} 21. Ncxe4 {[%clk 01:03:30]} {[%emt 00:01:36]} f5 {[%clk 00:25:07]}
{[%emt 00:00:40]} 22. Nc3 {[%clk 01:00:25]} {[%emt 00:03:35]} Qb6 {[%clk
00:23:39]} {[%emt 00:01:58]} 23. b4 {[%clk 00:53:45]} {[%emt 00:07:10]} Rfc8
{[%clk 00:22:10]} {[%emt 00:01:59]} 24. Kh1 {[%clk 00:53:12]} {[%emt 00:01:04]}
Bc6 {[%clk 00:19:24]} {[%emt 00:03:16]} 25. Bh5 {[%clk 00:43:15]} {[%emt
00:10:26]} Bf6 {[%clk 00:16:50]} {[%emt 00:03:05]} 26. Qe2 {[%clk 00:41:04]}
{[%emt 00:02:40]} Rd8 {[%clk 00:15:16]} {[%emt 00:02:04]} 27. Rfd1 {[%clk
00:36:28]} {[%emt 00:05:06]} Rbc8 {[%clk 00:14:01]} {[%emt 00:01:46]} 28. f4
{[%clk 00:29:03]} {[%emt 00:07:53]} Nc4 {[%clk 00:14:03]} {[%emt 00:00:29]} 29.
Rxd8+ {[%clk 00:20:13]} {[%emt 00:09:20]} Qxd8 {[%clk 00:14:12]} {[%emt
00:00:21]} 30. Nce4 {[%clk 00:12:43]} {[%emt 00:08:00]} Bxe4 {[%clk 00:07:38]}
{[%emt 00:07:04]} 31. Nxe4 {[%clk 00:12:19]} {[%emt 00:00:54]} fxe4 {[%clk
00:07:38]} {[%emt 00:00:30]} 32. Rxc4 {[%clk 00:12:46]} {[%emt 00:00:03]} Rxc4
{[%clk 00:07:50]} {[%emt 00:00:18]} 33. Qxc4 {[%clk 00:13:13]} {[%emt
00:00:02]} Qd2 {[%clk 00:08:02]} {[%emt 00:00:19]} 34. g3 {[%clk 00:07:34]}
{[%emt 00:06:09]} Bd4 {[%clk 00:05:53]} {[%emt 00:02:39]} 35. Qb5 {[%clk
00:03:45]} {[%emt 00:04:19]} Kg7 {[%clk 00:05:36]} {[%emt 00:00:47]} 36. Qe2
{[%clk 00:04:13]} {[%emt 00:00:02]} Qc1+ {[%clk 00:05:45]} {[%emt 00:00:21]} 37.
Qd1 {[%clk 00:04:36]} {[%emt 00:00:07]} Qe3 {[%clk 00:06:01]} {[%emt 00:00:14]}
38. a4 {[%clk 00:04:17]} {[%emt 00:00:49]} Qf2 {[%clk 00:05:57]} {[%emt
00:00:34]} 39. b5 {[%clk 00:04:31]} {[%emt 00:00:16]} f5 {[%clk 00:03:28]}
{[%emt 00:03:00]} 40. Be2 {[%clk 00:04:54]} {[%emt 00:00:06]} Kf6 {[%clk
00:03:17]} {[%emt 00:00:42]} 41. Qf1 {[%clk 00:04:03]} {[%emt 00:01:19]}
 1/2-1/2

[Event "56th Hull Congress"]
[Site "Hull"]
[Date "2019.11.02"]
[Round "2"]
[Board "5"]
[White "Merriman, James"]
[Black "Storey, Charles H"]
[Result "0-1"]
[WhiteElo "1891"]
[BlackElo "2234"]
[PlyCount "0"]
[EventDate "2019.11.01"]
[EventRounds "5"]
[EventCountry "ENG"]

1. d4 {[%clk 01:30:42]} {[%emt 00:00:17]} g6 {[%clk 01:28:44]} {[%emt
00:02:17]} 2. c4 {[%clk 01:31:03]} {[%emt 00:00:09]} Bg7 {[%clk 01:28:30]}
{[%emt 00:00:45]} 3. e4 {[%clk 01:31:20]} {[%emt 00:00:12]} c5 {[%clk
01:28:58]} {[%emt 00:00:03]} 4. d5 {[%clk 01:31:41]} {[%emt 00:00:08]} e5
{[%clk 01:29:25]} {[%emt 00:00:03]} 5. Nc3 {[%clk 01:31:46]} {[%emt 00:00:25]}
d6 {[%clk 01:29:52]} {[%emt 00:00:04]} 6. h3 {[%clk 01:32:09]} {[%emt
00:00:07]} h5 {[%clk 01:29:30]} {[%emt 00:00:51]} 7. Nf3 {[%clk 01:32:09]}
{[%emt 00:00:30]} Nd7 {[%clk 01:29:29]} {[%emt 00:00:31]} 8. Bd3 {[%clk
01:31:36]} {[%emt 00:01:02]} a6 {[%clk 01:28:28]} {[%emt 00:01:32]} 9. O-O
{[%clk 01:30:44]} {[%emt 00:01:21]} f6 {[%clk 01:27:36]} {[%emt 00:01:23]} 10.
Qa4 {[%clk 01:17:29]} {[%emt 00:13:45]} g5 {[%clk 01:25:31]} {[%emt 00:02:36]}
11. h4 {[%clk 01:16:24]} {[%emt 00:01:34]} g4 {[%clk 01:25:35]} {[%emt
00:00:27]} 12. Ne1 {[%clk 01:15:47]} {[%emt 00:01:06]} f5 {[%clk 01:24:41]}
{[%emt 00:01:25]} 13. exf5 {[%clk 01:13:34]} {[%emt 00:02:42]} Qxh4 {[%clk
01:18:45]} {[%emt 00:06:25]} 14. Nb5 {[%clk 01:06:45]} {[%emt 00:07:20]} axb5
{[%clk 01:16:24]} {[%emt 00:02:52]} 15. Qxa8 {[%clk 01:07:04]} {[%emt
00:00:10]} Ne7 {[%clk 01:16:37]} {[%emt 00:00:17]} 16. cxb5 {[%clk 01:02:12]}
{[%emt 00:05:22]} Qf6 {[%clk 01:13:05]} {[%emt 00:04:02]} 17. Qa4 {[%clk
00:59:40]} {[%emt 00:03:01]} Nb6 {[%clk 01:11:44]} {[%emt 00:01:53]} 18. Qd1
{[%clk 00:58:07]} {[%emt 00:02:01]} Nbxd5 {[%clk 01:08:09]} {[%emt 00:04:06]}
19. a4 {[%clk 00:55:49]} {[%emt 00:02:49]} b6 {[%clk 00:58:47]} {[%emt
00:09:52]} 20. Be4 {[%clk 00:53:07]} {[%emt 00:03:10]} Nb4 {[%clk 00:57:16]}
{[%emt 00:02:02]} 21. Bd2 {[%clk 00:52:20]} {[%emt 00:01:16]} d5 {[%clk
00:57:22]} {[%emt 00:00:25]} 22. Bxb4 {[%clk 00:52:02]} {[%emt 00:00:49]} dxe4
{[%clk 00:57:43]} {[%emt 00:00:09]} 23. Bc3 {[%clk 00:51:12]} {[%emt 00:01:19]}
Bb7 {[%clk 00:49:16]} {[%emt 00:08:58]} 24. Nc2 {[%clk 00:49:28]} {[%emt
00:02:14]} Nxf5 {[%clk 00:44:56]} {[%emt 00:04:49]} 25. Ne3 {[%clk 00:47:29]}
{[%emt 00:02:28]} Nd4 {[%clk 00:44:13]} {[%emt 00:01:13]} 26. a5 {[%clk
00:41:43]} {[%emt 00:06:17]} Nf3+ {[%clk 00:42:27]} {[%emt 00:02:16]} 27. gxf3
{[%clk 00:41:55]} {[%emt 00:00:18]} gxf3 {[%clk 00:42:52]} {[%emt 00:00:05]} 28.
Qd2 {[%clk 00:37:33]} {[%emt 00:04:52]} Qg5+ {[%clk 00:39:07]} {[%emt
00:04:14]} 29. Kh1 {[%clk 00:37:35]} {[%emt 00:00:28]} Rg8 {[%clk 00:36:47]}
{[%emt 00:02:51]}  0-1

[Event "56th Hull Congress"]
[Site "Hull"]
[Date "2019.11.02"]
[Round "2"]
[Board "6"]
[White "Richardson, John R"]
[Black "Chan, Sheng Liang Bernard"]
[Result "1-0"]
[WhiteElo "2225"]
[BlackElo "1776"]
[PlyCount "0"]
[EventDate "2019.11.01"]
[EventRounds "5"]
[EventCountry "ENG"]

1. d4 {[%clk 01:30:59]} d5 {[%emt 00:00:22]} 2. c4 {[%clk 01:31:25]} dxc4
{[%clk 01:31:06]} {[%emt 00:00:06]} 3. e4 {[%clk 01:31:51]} {[%emt 00:00:04]}
b5 {[%clk 01:31:27]} {[%emt 00:00:09]} 4. a4 {[%clk 01:31:24]} {[%emt
00:00:57]} c6 {[%clk 01:31:49]} {[%emt 00:00:08]} 5. b3 {[%clk 01:27:30]}
{[%emt 00:04:25]} e5 {[%clk 01:29:38]} {[%emt 00:02:40]} 6. Nf3 {[%clk
01:15:53]} {[%emt 00:12:07]} exd4 {[%clk 01:23:19]} {[%emt 00:06:49]} 7. Qxd4
{[%clk 01:13:15]} {[%emt 00:03:09]} Qxd4 {[%clk 01:18:26]} {[%emt 00:05:23]} 8.
Nxd4 {[%clk 01:13:43]} {[%emt 00:00:01]} Bc5 {[%clk 01:13:11]} {[%emt
00:05:45]} 9. Bb2 {[%clk 01:11:02]} {[%emt 00:03:12]} Nf6 {[%clk 01:13:16]}
{[%emt 00:00:24]} 10. f3 {[%clk 01:05:18]} {[%emt 00:06:14]} Bd7 {[%clk
00:58:04]} {[%emt 00:15:42]} 11. bxc4 {[%clk 01:04:25]} {[%emt 00:01:23]} bxa4
{[%clk 00:56:47]} {[%emt 00:01:47]} 12. e5 {[%clk 00:55:56]} {[%emt 00:08:59]}
Nh5 {[%clk 00:53:36]} {[%emt 00:03:41]} 13. g3 {[%clk 00:54:30]} {[%emt
00:01:56]} Na6 {[%clk 00:52:24]} {[%emt 00:01:42]} 14. Be2 {[%clk 00:41:05]}
{[%emt 00:13:55]} Nb4 {[%clk 00:47:49]} {[%emt 00:05:05]} 15. Na3 {[%clk
00:39:20]} {[%emt 00:02:15]} O-O {[%clk 00:44:12]} {[%emt 00:04:07]} 16. O-O
{[%clk 00:38:48]} {[%emt 00:01:02]} g6 {[%clk 00:39:40]} {[%emt 00:05:01]} 17.
Kg2 {[%clk 00:38:16]} {[%emt 00:01:02]} Rab8 {[%clk 00:38:34]} {[%emt
00:01:36]} 18. Bc3 {[%clk 00:37:54]} {[%emt 00:00:53]} Ng7 {[%clk 00:37:57]}
{[%emt 00:01:06]} 19. f4 {[%clk 00:34:44]} {[%emt 00:03:41]} Rfd8 {[%clk
00:36:12]} {[%emt 00:02:15]} 20. Rfd1 {[%clk 00:33:54]} {[%emt 00:01:21]} Ne6
{[%clk 00:29:26]} {[%emt 00:07:14]} 21. Nf3 {[%clk 00:25:44]} {[%emt 00:08:40]}
a5 {[%clk 00:27:03]} {[%emt 00:02:54]} 22. Rd2 {[%clk 00:24:38]} {[%emt
00:01:36]} Be3 {[%clk 00:25:56]} {[%emt 00:01:36]} 23. Rd6 {[%clk 00:24:17]}
{[%emt 00:00:52]} c5 {[%clk 00:24:31]} {[%emt 00:01:54]} 24. Nb5 {[%clk
00:19:42]} {[%emt 00:05:05]} Nc2 {[%clk 00:16:38]} {[%emt 00:08:23]} 25. Rxa4
{[%clk 00:19:19]} {[%emt 00:00:53]} Ncd4 {[%clk 00:14:51]} {[%emt 00:02:18]} 26.
Nfxd4 {[%clk 00:15:58]} {[%emt 00:03:51]} Nxd4 {[%clk 00:14:07]} {[%emt
00:01:14]} 27. Bxd4 {[%clk 00:16:10]} {[%emt 00:00:18]} Bxb5 {[%clk 00:12:12]}
{[%emt 00:02:25]} 28. cxb5 {[%clk 00:15:52]} {[%emt 00:00:48]} Bxd4 {[%clk
00:10:13]} {[%emt 00:02:28]} 29. Rxa5 {[%clk 00:16:06]} {[%emt 00:00:17]} Rxd6
{[%clk 00:07:10]} {[%emt 00:03:32]} 30. exd6 {[%clk 00:16:35]} {[%emt
00:00:02]} Rd8 {[%clk 00:05:34]} {[%emt 00:02:06]} 31. Ra6 {[%clk 00:16:26]}
{[%emt 00:00:39]} Bg7 {[%clk 00:02:51]} {[%emt 00:03:13]} 32. b6 {[%clk
00:12:30]} {[%emt 00:04:26]} Bf8 {[%clk 00:03:15]} {[%emt 00:00:05]} 33. b7
{[%clk 00:12:48]} {[%emt 00:00:12]} Rb8 {[%clk 00:02:55]} {[%emt 00:00:50]} 34.
d7 {[%clk 00:12:49]} {[%emt 00:02:09]}  1-0